000 00268nam a22001337a 4500
008 180109b xxu||||| |||| 00| 0 eng d
020 _a02658828
041 _aeng
080 _a34
100 _a14
101 _aJUR
245 _aMEETINGS
_cHALL,L
942 _2udc
_cBK
999 _c39893
_d39893